000 00570nam a22001937a 4500
003 CEME
005 20210628203913.0
008 210126b xxu||||| |||| 00| 0 eng d
020 _a0-07-119644-7
040 _c.
082 _a621.395 KAN
100 _aKang, Sung-Mo Steve:Leblebici, Yusuf
_967788
245 _aCmos digital intergrated circuits;analysis and design
250 _a3RD
260 _aNEW YORK
_bMCGRAW HILL
_c2003
300 _aXVI,655P
650 _aMETAL OXIDE SEMICONDUTCTOR COMPLEMENTARY, DIGITAL INTEGRATED CIRCUITS,
_967789
942 _cBK
_2ddc
999 _c575497
_d575497